| 000 | 00465nam a2200145Ia 4500 | ||
|---|---|---|---|
| 999 |
_c14539 _d14539 |
||
| 082 | _aTP.0276 | ||
| 100 | _aPalanivelu, C. | ||
| 245 | 0 | _aGopichettipalayam Taluk : A study in the changes in agricultural land use | |
| 260 |
_c1976 _bUniversity of Madras |
||
| 300 | _a230p. | ||
| 650 | _aLAND USE, RURAL - TAMIL NADU - GOPICHETTIPALAYAM TALUK | ||
| 650 | _aAGRICULTURAL GEOGRAPHY - TAMIL NADU - GOPICHETTIPALAYAM TALUK | ||
| 710 | _aRamesh, A. | ||
| 942 |
_cTH _2ddc |
||